000 00650nab a2200193 4500
001 244442
003 OSt
005 20240806073953.0
007 tu
008 200917s2020|||||||
040 _aDE-2950
_cDE-2950
245 0 0 _aAfD sorgt mit Plakat für Eklat
_bKontroverse. Wahlwerbung der Rechtsaußenpartei in Frankfurt weckt Assoziationen an einen Hitlergruß. Der Polizei liegt eine Anzeige vor/
_cPhilipp Stepputtis, Selim Pekel
264 _c2024
653 _aFrankfurt (Oder)
653 _aWahlplakat
653 _aAfD
773 0 _g35. Jahrgang (2024) Nr. 177 vom 31.07.2024, S. 15 mit Foto
_tMärkische Oderzeitung
942 _2z
_cA
999 _c373275
_d373275